00773nam a2200133Ia 4500008004100000020002200041050002100063100003500084245011200119260002600231300002900257500026800286650008500554120721s9999 xx 000 0 und d a978-970-811-115-7 aKGF7611.A28 2008 aDistrito Federal [Leyes, etc.] aAgenda civil del D.F. 2008 : compendio de leyes, reglamentos y otras disposiciones conexas sobre la materia aMéxico : ISEF, 2008 axiv, pag. varia ; 17 cm. aIncluye: código civil del D.F. - - código de procedimientos civiles para el D.F.- - código civil federal. - - código federal de procedimientos civiles. - - ley del notariado del D.F. - - ley de propiedad en condominio de inmuebles para el D.F.- - dispos a1. Derecho civil - Distrito Federal 2. Procedimiento civil - Distrito FederalÌ